000
00198 a2200109 4500
020
_a
9780786704033
041
_a
eng
100
_a
Bill Pronzini
245
_a
ILlusions
942
_c
BK
952
_7
4
999
_c
16638
_d
16638